Z blízkeho ďaleka

Bibliographic Details
Main Author: Hrkľová, Mária Katarína, 1946- (Author)
Format: Book
Language:Slovak
PhysicalDescription:186 s., [12] s. fotogr. príl. 21 cm
Published: Nadlak Ivan Krasko 2012
ISBN:9789731070827
Edition:1. vyd.
Series:Knižnica Dolnozemského Slováka
Subjects:

MARC

LEADER 00000nam a2200000 a 4500
001 vtls010537487
003 SK-MaSNL
005 20260301090136.0
008 240318s2012 rm o g 010 0 slo
015 |a SNBZSA2013-001495 
020 |a 9789731070827  |q (brož.) 
035 |a 2C663CE9-7B3B-477F-937C-A3C5D7167005 
035 |a urn:nbn:sk:snk-aml5xg 
035 |a urn:nbn:sk:snk-am008v66 
040 |a SNK  |b slo  |c SNK  |e AACR2 
041 0 |a slo 
044 |a rm  |c RO 
072 7 |a 929  |x Biografie  |2 konspekt 
080 |a (=162.4)  |2 2001 
080 |a (1-87)  |2 2001 
080 |a (0:82-94)  |2 2001 
080 |a 929  |2 2001 
100 1 |a Hrkľová, Mária Katarína,  |d 1946-  |4 aut  |9 147700 
245 1 0 |a Z blízkeho ďaleka  |c Mária Katarína Hrkľová 
250 |a 1. vyd. 
260 |a Nadlak  |b Ivan Krasko  |c 2012 
300 |a 186 s., [12] s. fotogr. príl.  |c 21 cm 
490 1 |a Knižnica Dolnozemského Slováka 
600 1 7 |a Hrkľová, Mária Katarína,  |d 1946-  |2 SNKMA  |9 147700 
650 0 7 |a Slováci  |z zahraničie  |2 SNKPH  |9 354242 
650 0 7 |a Slovaks  |z outland  |2 SNKPHeng  |9 417428 
655 7 |a autobiografické spomienky  |2 SNKPH  |9 70489 
655 7 |a Autobiographical reminiscences  |2 SNKPHeng  |9 302514 
830 0 |a Knižnica Dolnozemského Slováka  |9 304274 
852 |a Štátna vedecká knižnica v Banskej Bystrici 
919 |a 978-973-107-082-7 
958 |a ZS 
958 |a SK 
958 |a RO 
958 |a BX 
999 |c 667477  |d 669407 
952 |a SNK  |b SNK  |y PREZ  |7 0  |p 17A1084217  |o snkSC 156275  |i snk2013/23659  |8 2  |g 7.00  |0 0  |1 0  |4 0  |d 2013-08-22  |f 1  |l 0  |r 2025-08-18 00:00:00  |w 2026-02-23 
952 |a SNK  |b SNK  |y VYP  |7 0  |p 17A1084218  |o snkSC 156275 D1  |i snk2013/23661  |8 2  |g 7.00  |0 0  |1 0  |4 0  |d 2013-08-22  |l 0  |r 2026-02-23 19:15:11  |w 2026-02-23